| 000 | 00545cam a2200181 a 4500 | ||
|---|---|---|---|
| 001 | 000006919 | ||
| 005 | 20200929154023.0 | ||
| 008 | 820625s1925 fr 000 0 fre d | ||
| 040 |
_aDO-SdBNP _bspa _cBNPHU |
||
| 082 |
_a843.9 _bG453f, 1935 |
||
| 100 | 1 |
_aGide, Andre, _d1869-1951. _96173 |
|
| 245 | 1 | 4 |
_aLes faux-monnayeurs : _broman / _cAndre Gide. |
| 250 | _a25a ed. | ||
| 260 |
_aParis : _bGallimard ; _bNouvelle Revue Française, _c1925. |
||
| 300 |
_a503 p. ; _c19 cm. |
||
| 650 | 4 |
_aNovela francesa _91075 |
|
| 650 | 4 |
_aLiteratura francesa _91074 |
|
| 999 |
_c6704 _d6704 |
||